Normal view
MARC view
- Chiapas
Entry Nombre Geográfico
001 - NÚMERO DE CONTROL
- campo de control: 13380
003 - IDENTIFICADOR DE NUMERO DE CONTROL
- campo de control: UPN
005 - FECHA Y HORA DE LA ÜLTIMA TRANSACCIÓN
- campo de control: 20220908100902.0
008 - DATOS DE LONGITUD FIJA
- campo de control de longitud fija: 220908n||acznnbabn | ana |d
035 ## - NÚMERO DE CONTROL
- Número de control: UPN10000013388
040 ## - FUENTE DE CATALOGACIÓN
- Agencia de catalogación original: UPN
- Lenguaje de catalogación: SPA
- Agencia de transcripción: UPN
053 #4 - NÚMERO DE CLASIFICACIÓN LC
- Elemento de número de clasificación-número único o número de inicio de tramo: F1256
151 ## - ENCABEZAMIENTO - NOMBRE GEOGRÁFICO
- Nombre geográfico: Chiapas
- Subdivisión general : Historia
670 ## - FUENTE EN LA QUE SE LOCALIZARON DATOS
- Cita de la fuente: E
902 ## - CATALOGADOR
- Catalogador: MCM/240796
